00520nam a2200193 a 4500001001300000003000900013005001700022008004100039020000900080082001900089100002100108245003800129260004700167300000900214500003500223505002400258650002300282700002100305nice12345678IN_TiNIC20260116012741.0050524s1985 isla grp 000 0 eng  ac7000a297.1977bKHA2 aKhan, Qamaruddin aPolitical Thought of Ibn Taymiyah aIslambadbIslamic Research Institutec1985 a219p aincludes index and biblioraphy2 aBibliography, Index aIslam and Politics1 aKhan, Qamaruddin